| 000 | 00404nam a2200157Ia 4500 | ||
|---|---|---|---|
| 005 | 20250701025842.0 | ||
| 008 | 240331s9999 xx 000 0 und d | ||
| 020 | _a9552108357 | ||
| 082 |
_bPER _a820 |
||
| 100 | _aPeris, M | ||
| 245 | 0 | _aGreeka prajathanthrawadaye pathikada | |
| 260 |
_aColombo _bM.D.Gunasena Books & Co _c1997 |
||
| 300 | _a84 p ., | ||
| 500 | _aAspect of Greek Democracy | ||
| 942 | _cL | ||
| 999 |
_c2339 _d2339 |
||